| 000 | 00649cam a22002053a 4500 | ||
|---|---|---|---|
| 001 | 44416 | ||
| 003 | PGUSA | ||
| 005 | 20140828084020.0 | ||
| 008 | 131213s2013||||xxu|||||s|||||000 | eng d | ||
| 040 |
_aPGUSA _beng |
||
| 042 | _adc | ||
| 100 | 1 |
_aWebster, Noah, _d1758-1843 |
|
| 245 | 1 | 2 |
_aA Collection of Essays and Fugitiv Writings : _bOn Moral, Historical, Political, and Literary Subjects _h[electronic resource] / _cNoah Webster |
| 260 |
_bProject Gutenberg, _c2013 |
||
| 506 | _aPublic domain in the USA. | ||
| 516 | _aElectronic text | ||
| 830 | 0 |
_aProject Gutenberg _v44416 |
|
| 856 | 4 | 0 | _uhttp://www.gutenberg.org/ebooks/44416 |
| 942 | _cEB | ||
| 999 |
_c273667 _d273667 |
||